Govt. of
Madhya Pradesh

विनाशपर्व अंग्रेजों का भारत पर राज (Record no. 68877)

MARC details
000 -LEADER
fixed length control field 00402nam a22001097a 4500
082 ## - DEWEY DECIMAL CLASSIFICATION NUMBER
Classification number 900
100 ## - MAIN ENTRY--AUTHOR NAME
Personal name पोल,प्रशांत
245 ## - TITLE STATEMENT
Title विनाशपर्व अंग्रेजों का भारत पर राज
260 ## - PUBLICATION, DISTRIBUTION, ETC. (IMPRINT)
Place of publication दिल्‍ली
Name of publisher सत्‍साहित्‍य प्रकाशन
Year of publication 2025
650 ## - SUBJECT ADDED ENTRY--TOPICAL TERM
Topical Term इतिहास
942 ## - ADDED ENTRY ELEMENTS (KOHA)
Koha item type Books
Holdings
Withdrawn status Lost status Damaged status Not for loan Home library Current library Date acquired Full call number Accession Number Price effective from Koha item type
        MACL MACL 28/03/2026 900 CRH039058 28/03/2026 Books